[Event "BL 0203 Hamburger SK - Stuttgarter Sfr"]
[Site "?"]
[Date "2003.03.08"]
[Round "12.8"]
[White "Reeh, Oliver"]
[Black "Schmid, Wolfgang"]
[Result "1/2-1/2"]
[WhiteElo "2423"]
[BlackElo "2202"]
[PlyCount "119"]
[EventDate "2003.??.??"]

1. e4 d5 2. exd5 Qxd5 3. Nf3 Bg4 4. Be2 e6 5. h3 Bh5 6. O-O Nc6 7. d4 Nf6 8. c4
Qd7 9. Be3 Be7 10. Nc3 O-O 11. g4 Bg6 12. Ne5 Qc8 13. Nxc6 bxc6 14. Bf3 Qa6 15.
Qa4 Qxa4 16. Nxa4 Be4 17. Bxe4 Nxe4 18. f3 Nf6 19. Rfd1 Rfd8 20. b3 Kf8 21. Kf2
a6 22. Ke2 Nd7 23. Rac1 Nb6 24. Nc3 h6 25. Ne4 a5 26. a4 Bb4 27. Rd3 Nc8 28.
Rcd1 Ne7 29. f4 Ke8 30. Kf3 Ng8 31. f5 Ke7 32. Bf4 Ra7 33. fxe6 Kxe6 34. g5 h5
35. Re3 Kd7 36. Be5 g6 37. d5 Kc8 38. Nf6 Ne7 39. Bf4 cxd5 40. cxd5 Nf5 41. Re4
Rb7 42. Rd3 Nh4+ 43. Ke2 Nf5 44. Rc4 Nd6 45. Rc6 Nf5 46. Ra6 Rb6 47. Rxb6 cxb6
48. Kf3 Kb7 49. Be5 Bd6 50. Kf4 Bc5 51. Nxh5 Be7 52. Nf6 b5 53. Ne4 Nd6 54.
Nxd6+ Bxd6 55. Bxd6 Rxd6 56. Ke5 Rd7 57. d6 Kb6 58. Kd5 Rd8 59. Rc3 Re8 60. d7
1/2-1/2

[Event "BL 0203 SFR Neukoelln - SV Werder Breme"]
[Site "?"]
[Date "2003.03.08"]
[Round "12.2"]
[White "Slobodjan, Roman"]
[Black "Babula, Vlastimil"]
[Result "1/2-1/2"]
[WhiteElo "2521"]
[BlackElo "2590"]
[PlyCount "91"]
[EventDate "2003.??.??"]

1. e4 c5 2. Nf3 d6 3. Nc3 Nf6 4. d4 cxd4 5. Nxd4 a6 6. a4 Nc6 7. Be2 e6 8. O-O
Be7 9. Be3 O-O 10. Kh1 Re8 11. f4 Qc7 12. Bg1 Bd7 13. Qd3 Nxd4 14. Bxd4 e5 15.
Be3 b6 16. Rad1 Bc6 17. Qc4 Qb7 18. fxe5 dxe5 19. Nd5 b5 20. Qb3 bxa4 21. Qxb7
Bxb7 22. Nc7 Bxe4 23. c3 Rec8 24. Nxa8 Rxa8 25. Ra1 Bc6 26. Bd1 Nd5 27. Re1 Bh4
28. Bf3 Bxe1 29. Rxe1 Ne7 30. Bc5 Bxf3 31. Bxe7 Bb7 32. Rxe5 f6 33. Rc5 Re8 34.
Rc7 Be4 35. Kg1 Kf7 36. Ba3+ Kg6 37. Kf2 Bd3 38. Re7 Rd8 39. Ke3 Bb5 40. Rc7
Rd3+ 41. Ke4 Rd2 42. Bf8 Rd7 43. Rxd7 Bxd7 44. Kd5 Kf7 45. Bb4 Be6+ 46. Kd4
1/2-1/2

[Event "BL 0203 SFR Neukoelln - SV Werder Breme"]
[Site "?"]
[Date "2003.03.08"]
[Round "12.3"]
[White "Schandorff, Lars"]
[Black "Stohl, Igor Dr"]
[Result "1/2-1/2"]
[WhiteElo "2546"]
[BlackElo "2547"]
[PlyCount "53"]
[EventDate "2003.??.??"]

1. d4 Nf6 2. c4 e6 3. Nf3 b6 4. g3 Ba6 5. b3 Bb4+ 6. Bd2 Be7 7. Nc3 Bb7 8. Bg2
Na6 9. O-O O-O 10. Ne5 d5 11. cxd5 exd5 12. Bf4 c5 13. Rc1 Re8 14. dxc5 Nxc5
15. Nb5 Ne6 16. Nd3 Rc8 17. Nxa7 Rxc1 18. Bxc1 Qa8 19. Nb5 Qxa2 20. Nf4 Nxf4
21. Bxf4 Bc5 22. Nc3 Qb2 23. Nxd5 Nxd5 24. Bxd5 Bxd5 25. Qxd5 Qxe2 26. Qc6 h6
27. b4 1/2-1/2

[Event "BL 0203 SFR Neukoelln - SV Werder Breme"]
[Site "?"]
[Date "2003.03.08"]
[Round "12.5"]
[White "Pelletier, Yannick"]
[Black "Berndt, Stephan"]
[Result "1-0"]
[WhiteElo "2587"]
[BlackElo "2482"]
[PlyCount "203"]
[EventDate "2003.??.??"]

1. Nf3 Nf6 2. c4 e6 3. Nc3 d5 4. d4 Be7 5. Bg5 O-O 6. e3 Nbd7 7. Rc1 a6 8. cxd5
exd5 9. Bd3 c6 10. O-O Re8 11. Qb3 Nf8 12. Na4 Ne6 13. Bxf6 Bxf6 14. Nb6 Rb8
15. Bf5 g6 16. Bh3 Bg7 17. Nxc8 Qxc8 18. Bxe6 Qxe6 19. Qc3 h6 20. b4 g5 21. a4
Rbc8 22. Ne1 f5 23. Nd3 Qf7 24. Rfe1 f4 25. exf4 gxf4 26. Rxe8+ Rxe8 27. Ne1
Re6 28. Nf3 b5 29. axb5 axb5 30. Qa3 Qe7 31. h3 Bf8 32. Qa8 Qxb4 33. Rxc6 Qb1+
34. Kh2 Qf5 35. Rc5 b4 36. Rxd5 Qe4 37. Nd2 Re8 38. Nxe4 Rxa8 39. Rb5 Rd8 40.
d5 Kf7 41. f3 b3 42. Rb7+ Kg6 43. d6 Bxd6 44. Rb6 b2 45. Nxd6 b1=Q 46. Rxb1
Rxd6 47. Rb5 Rc6 48. h4 h5 49. Rg5+ Kh6 50. Rf5 Rc4 51. Kh3 Rb4 52. Re5 Rb1 53.
Re6+ Kg7 54. Kh2 Rb4 55. Re5 Kg6 56. Re1 Ra4 57. Kh3 Kf6 58. Rb1 Kg6 59. Rb6+
Kg7 60. Rb5 Kg6 61. Rg5+ Kh6 62. Re5 Ra1 63. Kh2 Ra6 64. Re4 Rf6 65. Kg1 Kg6
66. Kf2 Kh6 67. Rc4 Kg7 68. Rd4 Kh6 69. Ke1 Rg6 70. Rd2 Ra6 71. Ke2 Kg6 72. Rd4
Kf5 73. Rd5+ Kg6 74. Rd2 Kf5 75. Rc2 Re6+ 76. Kd2 Rd6+ 77. Kc1 Re6 78. Rc5+ Kg6
79. Kd2 Rd6+ 80. Kc3 Rd1 81. Rg5+ Kh6 82. Rb5 Rh1 83. Rb6+ Kg7 84. Kd4 Rxh4 85.
Ke5 Rh2 86. Rb2 Kg6 87. Kxf4 Rh4+ 88. Kg3 Ra4 89. Rb5 Rc4 90. Kh3 Ra4 91. g3
Rc4 92. f4 Rc1 93. Rb6+ Kg7 94. Kh4 Rh1+ 95. Kg5 h4 96. Rb7+ Kf8 97. gxh4 Ra1
98. f5 Kg8 99. Rd7 Ra2 100. Kg6 Rg2+ 101. Kf6 Ra2 102. h5 1-0

[Event "BL 0203 SFR Neukoelln - SV Werder Breme"]
[Site "?"]
[Date "2003.03.08"]
[Round "12.6"]
[White "Borriss, Martin Dr"]
[Black "Gallagher, Joseph G"]
[Result "1/2-1/2"]
[WhiteElo "2442"]
[BlackElo "2540"]
[PlyCount "78"]
[EventDate "2003.??.??"]

1. e4 c5 2. Nf3 d6 3. d4 cxd4 4. Nxd4 Nf6 5. Nc3 a6 6. Be3 e5 7. Nb3 Be6 8. f3
Be7 9. Qd2 O-O 10. O-O-O Nbd7 11. g4 b5 12. g5 b4 13. Ne2 Ne8 14. f4 a5 15. f5
a4 16. Nbd4 exd4 17. Nxd4 b3 18. cxb3 axb3 19. a3 Rc8+ 20. Kb1 Bc4 21. f6 Nexf6
22. gxf6 Bxf6 23. Bxc4 Rxc4 24. Nxb3 Rxe4 25. Bd4 Ne5 26. Rhf1 d5 27. Qc3 Ng4
28. Bxf6 Nxf6 29. Nd4 Qd6 30. Nf5 Qe6 31. Nxg7 Qe5 32. Qxe5 Rxe5 33. Rf5 Re2
34. Rg1 Rb8 35. Nh5+ Kh8 36. Nxf6 Rbxb2+ 37. Ka1 Ra2+ 38. Kb1 Rab2+ 39. Ka1
Ra2+ 1/2-1/2

[Event "BL 0203 SFR Neukoelln - SV Werder Breme"]
[Site "?"]
[Date "2003.03.08"]
[Round "12.7"]
[White "Knaak, Rainer"]
[Black "Thiede, Lars"]
[Result "1-0"]
[WhiteElo "2471"]
[BlackElo "2416"]
[PlyCount "81"]
[EventDate "2003.??.??"]

1. d4 g6 2. c4 Bg7 3. Nf3 d6 4. g3 Nf6 5. Bg2 O-O 6. O-O Nbd7 7. Nc3 e5 8. h3
Re8 9. e4 a6 10. d5 b5 11. cxb5 axb5 12. b4 Nb6 13. Re1 Bd7 14. Bf1 c6 15. dxc6
Bxc6 16. Bxb5 Bxb5 17. Nxb5 Qd7 18. Nc3 Rac8 19. Qd3 d5 20. Bg5 Rxc3 21. Qxc3
Nxe4 22. Qe3 Nc4 23. Qe2 Qxh3 24. Rac1 Ned6 25. Nd2 Nb2 26. Qa6 Bf8 27. Rb1
Nbc4 28. Nxc4 dxc4 29. Qc6 Qf5 30. Be3 Rc8 31. Qd5 c3 32. Bc5 c2 33. Rbc1 Nb5
34. Qxe5 Rxc5 35. bxc5 Qd7 36. Rxc2 Nd4 37. Rc3 Qg4 38. Kg2 Nc6 39. Qe4 Qd7 40.
Rd3 Qb7 41. Rd6 1-0

[Event "BL 0203 SFR Neukoelln - SV Werder Breme"]
[Site "?"]
[Date "2003.03.08"]
[Round "12.8"]
[White "Rudolf, Henrik"]
[Black "Joachim, Sven"]
[Result "0-1"]
[WhiteElo "2348"]
[BlackElo "2471"]
[PlyCount "154"]
[EventDate "2003.??.??"]

1. e4 c5 2. Nf3 d6 3. d4 cxd4 4. Nxd4 Nf6 5. Nc3 a6 6. Bg5 e6 7. f4 Qb6 8. Qd2
Nc6 9. Bxf6 gxf6 10. Nb3 Bd7 11. O-O-O O-O-O 12. Be2 h5 13. Rhf1 Be7 14. Kb1
Kb8 15. Qe1 Rdg8 16. Bf3 Rc8 17. Qe2 Na5 18. Qf2 Qxf2 19. Rxf2 Nc4 20. Rd3 b5
21. a3 Kc7 22. Nd2 Na5 23. Ne2 Nc6 24. Nb3 Rb8 25. Ned4 Rb6 26. Rfd2 Bf8 27.
Nxc6 Bxc6 28. f5 Bh6 29. Rd1 Bf4 30. Nd4 Bd7 31. h4 Be5 32. Rh1 Kd8 33. g4 hxg4
34. Bxg4 Ke7 35. h5 Rbb8 36. Nf3 Rbg8 37. Nxe5 fxe5 38. f6+ Kxf6 39. Rxd6 Rxg4
40. Rxd7 Rxe4 41. Ra7 Rf4 42. Rxa6 e4 43. Ra5 e3 44. Re1 Rxh5 45. Rxe3 Ra4 46.
b4 Rxa5 47. bxa5 Ke7 48. a6 Rh4 49. Rb3 Ra4 50. Rxb5 Rxa6 51. Kb2 f5 52. c4 Kd6
53. Kc3 Rxa3+ 54. Kd4 Ra1 55. c5+ Ke7 56. Rb7+ Kf6 57. c6 Rc1 58. Rc7 e5+ 59.
Kd5 Rd1+ 60. Kc5 Ke6 61. Rc8 Rc1+ 62. Kb6 e4 63. c7 e3 64. Re8+ Kd6 65. Rxe3
Rc6+ 66. Kb5 Rxc7 67. Re1 Kd5 68. Rd1+ Ke4 69. Re1+ Kd3 70. Rf1 Rf7 71. Kc5 f4
72. Kd5 Ke2 73. Ra1 f3 74. Ke4 f2 75. Ra2+ Kd1 76. Ra1+ Kd2 77. Ra2+ Kc3 0-1

[Event "BL 0203 SC Kreuzberg - Turm Emsdetten"]
[Site "?"]
[Date "2003.03.08"]
[Round "12.2"]
[White "Nisipeanu, Liviu-Dieter"]
[Black "Cramling, Pia"]
[Result "1/2-1/2"]
[WhiteElo "2613"]
[BlackElo "2508"]
[PlyCount "61"]
[EventDate "2003.??.??"]

1. e4 c5 2. Nf3 e6 3. Nc3 a6 4. d4 cxd4 5. Nxd4 b5 6. Bd3 Qb6 7. Nf3 Qc7 8. O-O
Bb7 9. e5 f5 10. exf6 Nxf6 11. Ng5 Be7 12. Nce4 Nxe4 13. Nxe4 O-O 14. Ng5 Bxg5
15. Bxg5 Qc5 16. Be3 Qe5 17. c3 Nc6 18. Qe2 Rf7 19. Rad1 Qf6 20. Bb1 Qh4 21. f4
Re8 22. Bf2 Qh6 23. Be3 Qh4 24. a3 Na5 25. Bc2 Nc4 26. Bc1 e5 27. b3 Rfe7 28.
f5 Nb6 29. Rd6 Nd5 30. Qe4 Nf4 31. Qxb7 1/2-1/2

[Event "BL 0203 SC Kreuzberg - Turm Emsdetten"]
[Site "?"]
[Date "2003.03.08"]
[Round "12.3"]
[White "Pedersen, Nicolai Vesterbaek"]
[Black "Tischbierek, Raj"]
[Result "1/2-1/2"]
[WhiteElo "2495"]
[BlackElo "2523"]
[PlyCount "205"]
[EventDate "2003.??.??"]

1. d4 d5 2. c4 c6 3. Nc3 Nf6 4. e3 a6 5. Qc2 g6 6. Bd3 Bg7 7. Nf3 O-O 8. O-O
Bg4 9. Ne5 Be6 10. Qb3 Ra7 11. Bd2 Nbd7 12. Nxd7 Nxd7 13. cxd5 cxd5 14. Ne2 Bh6
15. Rfc1 Nb8 16. Bb4 Qd7 17. Bc5 Ra8 18. Nc3 Nc6 19. Na4 Rab8 20. Nb6 Qd8 21.
Be2 Re8 22. Rc3 Bg7 23. Rac1 f5 24. Qa4 Bf7 25. f4 Qc7 26. Bf3 Qd8 27. Qd1 e6
28. Na4 g5 29. Bb6 Qe7 30. fxg5 Qxg5 31. Bc7 Rbc8 32. Bf4 Qe7 33. Nc5 a5 34.
Rb3 Nd8 35. Nd3 Nc6 36. Nc5 Nd8 37. Rb5 Rc6 38. Nd3 Rxc1 39. Qxc1 Nc6 40. Qc5
Qxc5 41. Nxc5 b6 42. Nd3 Nxd4 43. exd4 Bxd4+ 44. Kf1 e5 45. Bxd5 exf4 46. Bxf7+
Kxf7 47. Rxf5+ Ke6 48. Rh5 Rf8 49. Ke2 Rf7 50. Kf3 Kd6 51. b3 a4 52. bxa4 Ra7
53. Ke4 Bg7 54. a5 Rxa5 55. Rxa5 bxa5 56. Nxf4 a4 57. Nd3 a3 58. h3 Bc3 59. Nf4
Bb2 60. Nd5 Ke6 61. g4 Bc1 62. h4 Bd2 63. Ne3 Be1 64. Ng2 Bd2 65. Nf4+ Kf6 66.
g5+ Kf7 67. Kf5 Bc3 68. Nd3 Kg7 69. Nc5 Bb2 70. Ne6+ Kf7 71. Nf4 Ba1 72. Ne2
Bb2 73. Ng1 Ba1 74. Nf3 Kg7 75. Nd2 Bb2 76. Nc4 Kf7 77. h5 Kg7 78. Nd6 Ba1 79.
h6+ Kf8 80. Ke6 Bb2 81. Ne4 Kg8 82. Ke7 Bc1 83. Ke6 Be3 84. Kf5 Bc1 85. Nf6+
Kh8 86. Ng4 Kg8 87. Nf2 Kf7 88. Nd3 Bb2 89. Nf4 Bc1 90. Ne6 Bd2 91. Nc5 Bc1 92.
Nd3 Bb2 93. Ne5+ Kg8 94. Ng4 Bc1 95. Nf6+ Kh8 96. Ng4 Kg8 97. Nf6+ Kh8 98. Ne4
Kg8 99. Ke6 Be3 100. Nf6+ Kh8 101. Ne4 Kg8 102. Nf6+ Kh8 103. Ne4 1/2-1/2

[Event "BL 0203 SC Kreuzberg - Turm Emsdetten"]
[Site "?"]
[Date "2003.03.08"]
[Round "12.4"]
[White "Lau, Ralf"]
[Black "Olsen, Boe Mads"]
[Result "1/2-1/2"]
[WhiteElo "2491"]
[BlackElo "2372"]
[PlyCount "92"]
[EventDate "2003.??.??"]

1. Nf3 e6 2. g3 f5 3. Bg2 Nf6 4. O-O Be7 5. c4 O-O 6. d3 d6 7. Nc3 Nc6 8. Rb1
Qe8 9. b4 e5 10. b5 Nd8 11. a4 Ne6 12. a5 Rb8 13. Ba3 b6 14. axb6 axb6 15. d4
e4 16. Ne1 Qh5 17. Bc1 Ng5 18. Bxg5 Qxg5 19. Nc2 Be6 20. d5 Bd7 21. Nd4 Qh6 22.
Qc1 Qh5 23. Ne6 Rfc8 24. f3 exf3 25. exf3 Ne8 26. Ne2 Bf6 27. Qc2 g6 28. Rbe1
Ng7 29. Qd2 Ra8 30. g4 Qh4 31. g5 Be7 32. Nxg7 Kxg7 33. f4 Re8 34. Nd4 Bf8 35.
Ne6+ Kg8 36. Re3 Ra4 37. Rh3 Qg4 38. Rg3 Qh4 39. Rh3 Qg4 40. Qf2 Bxe6 41. dxe6
d5 42. Kh1 Bc5 43. Qb2 d4 44. Rg3 Qh4 45. Rh3 Qg4 46. Rg3 Qh4 1/2-1/2

[Event "BL 0203 SC Kreuzberg - Turm Emsdetten"]
[Site "?"]
[Date "2003.03.08"]
[Round "12.5"]
[White "Zumsande, Martin"]
[Black "Maiwald, Jens-Uwe"]
[Result "1/2-1/2"]
[WhiteElo "2374"]
[BlackElo "2516"]
[PlyCount "90"]
[EventDate "2003.??.??"]

1. e4 c5 2. c3 e6 3. d4 d5 4. exd5 exd5 5. Nf3 Nc6 6. Bb5 Bd6 7. dxc5 Bxc5 8.
O-O Nge7 9. Nbd2 O-O 10. Nb3 Bd6 11. Bd3 h6 12. h3 Nf5 13. Re1 Bc7 14. Bc2 Qd6
15. Be3 Ne5 16. Nbd2 Ng6 17. Nf1 Bd7 18. Bxf5 Bxf5 19. Nd4 Bd7 20. Qh5 Rfe8 21.
Bd2 Bb6 22. Ng3 Bc7 23. Rad1 Rad8 24. Bc1 Re5 25. Rxe5 Qxe5 26. Qxe5 Bxe5 27.
Nf3 Bxg3 28. fxg3 Bb5 29. Kf2 f6 30. Bf4 Kf7 31. Re1 Ne7 32. Nd4 Bc6 33. g4 Ng6
34. Bg3 Re8 35. Rxe8 Kxe8 36. Nf5 Kf7 37. Ke3 Ne7 38. Nd4 Bd7 39. b4 f5 40.
gxf5 Nxf5+ 41. Nxf5 Bxf5 42. Bb8 a6 43. h4 h5 44. Kd4 Ke6 45. Kc5 Kd7 1/2-1/2

[Event "BL 0203 SC Kreuzberg - Turm Emsdetten"]
[Site "?"]
[Date "2003.03.08"]
[Round "12.6"]
[White "Kalinitschew, Sergey"]
[Black "Richter, Christian"]
[Result "1-0"]
[WhiteElo "2485"]
[BlackElo "2333"]
[PlyCount "131"]
[EventDate "2003.??.??"]

1. d4 Nf6 2. Nf3 g6 3. g3 Bg7 4. Bg2 O-O 5. O-O d6 6. Re1 Nc6 7. d5 Na5 8. e4
c6 9. a4 Bd7 10. Nc3 Rc8 11. h3 Re8 12. Ra2 a6 13. Nd4 Qb6 14. Nde2 cxd5 15.
exd5 Qb4 16. b3 Nh5 17. Ne4 Nf6 18. Nxf6+ Bxf6 19. Be3 Bf5 20. Rf1 h5 21. Kh2
Kg7 22. Bf3 Rh8 23. Bd2 Qc5 24. c4 Qc7 25. Be3 Rb8 26. Nd4 Bd7 27. Qd3 Rbc8 28.
Rc1 b6 29. h4 Nb7 30. b4 Ra8 31. Kg2 Rhc8 32. Bd1 a5 33. b5 Nc5 34. Qb1 Qd8 35.
Re2 Qh8 36. Bc2 Re8 37. Rce1 Bg4 38. f3 Bd7 39. Qd1 Rac8 40. Nc6 Kf8 41. Bf4
Nb7 42. Re3 Qg7 43. R1e2 Ra8 44. Qd2 Qh7 45. Qe1 e5 46. dxe6 Rxe6 47. Qd2 Rae8
48. Be4 Qh8 49. Bd5 Bc3 50. Qc1 Bb2 51. Qg1 Rxe3 52. Rxe3 Ba3 53. Rxe8+ Bxe8
54. Qe3 Qb2+ 55. Kh3 Bd7+ 56. g4 hxg4+ 57. Kg3 Bxc6 58. bxc6 Bc5 59. cxb7 Bxe3
60. b8=Q+ Kg7 61. Bxe3 Qe5+ 62. Kf2 g3+ 63. Kg2 Qxe3 64. Qc7 Qd2+ 65. Kh3 Qf4
66. Qe7 1-0

[Event "BL 0203 SC Kreuzberg - Turm Emsdetten"]
[Site "?"]
[Date "2003.03.08"]
[Round "12.7"]
[White "van Beek, Lucien"]
[Black "Volke, Karsten"]
[Result "0-1"]
[WhiteElo "2341"]
[BlackElo "2457"]
[PlyCount "76"]
[EventDate "2003.??.??"]

1. d4 Nf6 2. c4 e6 3. Nc3 Bb4 4. e3 O-O 5. Nge2 Re8 6. a3 Bf8 7. d5 a5 8. Ng3
Na6 9. Bd3 c6 10. O-O cxd5 11. cxd5 exd5 12. Bb1 Nc7 13. Ba2 Ra6 14. Qd3 Re5
15. Rd1 Rc6 16. f4 Re8 17. Nxd5 Ncxd5 18. Bxd5 Nxd5 19. Qxd5 Rd6 20. Qb3 Rxd1+
21. Qxd1 Bc5 22. Qd5 d6 23. Ne4 Qe7 24. Nxc5 dxc5 25. b4 Rd8 26. Qf3 cxb4 27.
axb4 Qxb4 28. Ba3 Qc3 29. Qf1 b5 30. Qc1 Qxc1+ 31. Rxc1 b4 32. Bb2 Be6 33. Bd4
a4 34. Rc7 a3 35. Ra7 h5 36. Kf2 Rxd4 37. exd4 a2 38. f5 Bd5 0-1

[Event "BL 0203 SC Kreuzberg - Turm Emsdetten"]
[Site "?"]
[Date "2003.03.08"]
[Round "12.8"]
[White "Muse, Drazen"]
[Black "Pedersen, Daniel Vesterbaek"]
[Result "1-0"]
[WhiteElo "2442"]
[BlackElo "2344"]
[PlyCount "69"]
[EventDate "2003.??.??"]

1. Nf3 d5 2. d4 Nf6 3. c4 c6 4. Nc3 e6 5. g3 Nbd7 6. Qb3 a6 7. Bf4 dxc4 8. Qxc4
c5 9. Bg2 b5 10. Qd3 Bb7 11. O-O Qb6 12. dxc5 Nxc5 13. Qc2 b4 14. Na4 Nxa4 15.
Qxa4+ Bc6 16. Qb3 Bd5 17. Qa4+ Bc6 18. Qxc6+ Qxc6 19. Ne5 Qc8 20. Bc6+ Ke7 21.
e4 Ng4 22. Rac1 Nxe5 23. Bxe5 f6 24. Bxa8 Qxa8 25. Rc7+ Ke8 26. Bf4 g5 27. Be3
Bd6 28. Ra7 Qb8 29. Rd1 Kf8 30. e5 fxe5 31. Rxa6 Be7 32. Rd7 Rg8 33. Raa7 Rg7
34. Rab7 Qa8 35. Ba7 1-0

[Event "BL 0203 SC Forchheim - SK König Plauen"]
[Site "?"]
[Date "2003.03.08"]
[Round "12.1"]
[White "Bischoff, Klaus"]
[Black "Prusikin, Mikhajlo"]
[Result "1-0"]
[WhiteElo "2554"]
[BlackElo "2504"]
[PlyCount "53"]
[EventDate "2003.??.??"]

1. d4 Nf6 2. c4 c5 3. Nf3 cxd4 4. Nxd4 e5 5. Nb5 d5 6. cxd5 Bc5 7. e3 O-O 8.
N5c3 e4 9. Be2 Qe7 10. a3 Rd8 11. Nd2 Na6 12. b4 Bd6 13. Nc4 Nc7 14. Bb2 Ncxd5
15. Nxd5 Nxd5 16. Qd4 Nf6 17. Nxd6 Rxd6 18. Qe5 Be6 19. Bd4 Rd5 20. Qg3 h6 21.
h4 Rc8 22. O-O Rc2 23. Rfe1 Rd7 24. Rac1 Rxc1 25. Rxc1 a6 26. Qf4 Bd5 27. Rc8+
1-0

[Event "BL 0203 SC Forchheim - SK König Plauen"]
[Site "?"]
[Date "2003.03.08"]
[Round "12.2"]
[White "Jansa, Vlastimil"]
[Black "Kindermann, Stefan"]
[Result "1/2-1/2"]
[WhiteElo "2500"]
[BlackElo "2519"]
[PlyCount "67"]
[EventDate "2003.??.??"]

1. e4 e6 2. d4 d5 3. Nd2 c5 4. Ngf3 Nf6 5. exd5 exd5 6. Bb5+ Bd7 7. Bxd7+ Nbxd7
8. O-O Be7 9. dxc5 Nxc5 10. Nb3 Nce4 11. Nfd4 Qd7 12. f3 Nd6 13. Nc5 Qc8 14.
Nd3 O-O 15. Be3 Re8 16. Bf2 Bf8 17. Re1 g6 18. Qd2 Qd7 19. Qf4 Bg7 20. Nc5 Qc7
21. Nxb7 Qxb7 22. Qxd6 Qxb2 23. Nc6 Rxe1+ 24. Rxe1 Qxc2 25. h3 Qxa2 26. Bd4 Nh5
27. Ne7+ Kh8 28. Bxg7+ Nxg7 29. Nxd5 Qb2 30. Kh1 Ne6 31. Qe7 Qg7 32. Nf6 h5 33.
Rc1 Qf8 34. Qb7 1/2-1/2

[Event "BL 0203 SC Forchheim - SK König Plauen"]
[Site "?"]
[Date "2003.03.08"]
[Round "12.3"]
[White "Espig, Lutz"]
[Black "Jirovsky, Milos"]
[Result "1/2-1/2"]
[WhiteElo "2425"]
[BlackElo "2457"]
[PlyCount "265"]
[EventDate "2003.??.??"]

1. Nf3 c5 2. c4 g6 3. d4 cxd4 4. Nxd4 Bg7 5. e4 Nc6 6. Be3 Nf6 7. Nc3 O-O 8.
Be2 d6 9. O-O Bd7 10. Nc2 Qa5 11. f3 Rfc8 12. Qd2 Ne5 13. Na3 Be6 14. Nd5 Qxd2
15. Bxd2 Kf8 16. Rac1 Nfd7 17. Nb5 Nc5 18. Ndc7 Rab8 19. Nxe6+ Nxe6 20. Nxa7
Nd4 21. Kf2 Nxe2 22. Kxe2 Rxc4 23. b3 Rxc1 24. Rxc1 Ke8 25. Nb5 Nc6 26. a4 Kd7
27. Bc3 Bxc3 28. Rxc3 f5 29. exf5 gxf5 30. f4 Rg8 31. Kf2 Rg4 32. g3 Rg6 33.
Rd3 Rh6 34. Kg2 Re6 35. Kf2 Re4 36. Nc3 Rd4 37. Ke3 Rb4 38. Nd5 Re4+ 39. Kf2
Nb4 40. Rd2 Nxd5 41. Rxd5 e6 42. Rb5 Kc6 43. Kf3 h5 44. h3 d5 45. g4 hxg4+ 46.
hxg4 fxg4+ 47. Kxg4 d4 48. Rb4 e5 49. Kf5 d3 50. Kxe4 d2 51. Kxe5 d1=Q 52. Rc4+
Kb6 53. Rb4+ Kc7 54. Rb5 Qf3 55. Rc5+ Kd7 56. Rd5+ Ke7 57. Rb5 Kf7 58. Kf5 Qg2
59. Ke5 Kg6 60. Rb6+ Kh5 61. Kd6 Qg7 62. Rb5+ Kh4 63. Ke6 Qg6+ 64. Ke7 Qe4+ 65.
Kd8 Qc6 66. Ke7 Kg4 67. f5 Kg5 68. f6+ Kg6 69. f7 Qc7+ 70. Ke6 Qxf7+ 71. Kd6
Kf6 72. Kc5 Ke5 73. Kb6+ Kd6 74. Ka7 b6+ 75. Ka6 Kc7 76. Rxb6 Qf3 77. a5 Qd3+
78. Ka7 Qd4 79. b4 Kc8 80. Ka8 Qf4 81. Ka7 Qe5 82. Rc6+ Kd7 83. Rb6 Qd4 84. Kb7
Qd5+ 85. Ka7 Kc7 86. Ka6 Kc8 87. Ka7 Qe4 88. Rb8+ Kc7 89. Rb6 Qe2 90. Rb7+ Kc6
91. Rb6+ Kd5 92. Kb7 Qe7+ 93. Ka6 Qd7 94. Rb5+ Kc4 95. Rb7 Qd8 96. Ka7 Qc8 97.
Rb8 Qc6 98. Rb6 Qd5 99. Rb7 Qf3 100. Rb8 Kd5 101. Rb6 Qf8 102. Rb5+ Kd4 103.
Rb8 Qf4 104. Rb7 Kd5 105. Rb6 Qc4 106. Rb8 Qe4 107. Rb6 Qf3 108. Kb7 Qf7+ 109.
Ka8 Qc7 110. Rb5+ Kd4 111. Rb7 Qh2 112. Ka7 Kd5 113. Rb6 Qg1 114. Kb7 Qg7+ 115.
Ka8 Qc7 116. Rb5+ Kd4 117. Rb7 Qc8+ 118. Ka7 Kc4 119. Rb8 Qh3 120. Rb7 Kd5 121.
Rb5+ Kd6 122. Rb6+ Kc7 123. Rb7+ Kd6 124. Rb6+ Kd5 125. Rb5+ Kc4 126. Rb7 Qg3
127. Rb8 Kd5 128. Rb6 Qc7+ 129. Rb7 Qh2 130. Rb6 Qh8 131. Rb5+ Kc4 132. Rb8 Qh1
133. Rb6 1/2-1/2

[Event "BL 0203 SC Forchheim - SK König Plauen"]
[Site "?"]
[Date "2003.03.08"]
[Round "12.4"]
[White "Heidrich, Manfred"]
[Black "Brendel, Oliver"]
[Result "1/2-1/2"]
[WhiteElo "2415"]
[BlackElo "2378"]
[PlyCount "110"]
[EventDate "2003.??.??"]

1. e4 c5 2. c3 g6 3. d4 cxd4 4. cxd4 d5 5. exd5 Nf6 6. Nc3 Nxd5 7. Bc4 Nb6 8.
Bb3 Bg7 9. Nf3 Nc6 10. Be3 O-O 11. d5 Na5 12. Bd4 Nxb3 13. axb3 e5 14. dxe6
Bxe6 15. O-O Bg4 16. Bxg7 Kxg7 17. h3 Qxd1 18. Rfxd1 Bxf3 19. gxf3 Rfe8 20. Rd6
Re6 21. Rxe6 fxe6 22. Nb5 a6 23. Nc7 Rc8 24. Nxe6+ Kf6 25. Nd4 Rd8 26. Rd1 Nc8
27. Rc1 Ne7 28. Ne2 Rd2 29. Nc3 Rxb2 30. Ne4+ Ke6 31. Nc5+ Kf6 32. Rd1 Nf5 33.
Rd3 a5 34. f4 Nh4 35. Rd6+ Kf5 36. Rb6 Rb1+ 37. Kh2 Kxf4 38. Rf6+ Ke5 39. Rb6
Kf4 40. Rf6+ Ke5 41. Rb6 Nf3+ 42. Kg2 Nd4 43. Rxb7 Kd5 44. Na4 Rxb3 45. Rxh7
Rb4 46. Nc3+ Kc4 47. Rc7+ Kb3 48. Ne4 Ne6 49. Nd2+ Kb2 50. Rc6 Nf4+ 51. Kf3 a4
52. Nc4+ Kb3 53. Nd2+ Kb2 54. Nc4+ Kb3 55. Nd2+ Kb2 1/2-1/2

[Event "BL 0203 SC Forchheim - SK König Plauen"]
[Site "?"]
[Date "2003.03.08"]
[Round "12.5"]
[White "Dirr, Ulrich"]
[Black "Bartsch, Berthold"]
[Result "0-1"]
[WhiteElo "2322"]
[BlackElo "2320"]
[PlyCount "82"]
[EventDate "2003.??.??"]

1. e4 c5 2. Nf3 Nf6 3. Nc3 d5 4. exd5 Nxd5 5. Bb5+ Bd7 6. Ne5 Bxb5 7. Qf3 f6 8.
Nxb5 Na6 9. Qh5+ g6 10. Nxg6 hxg6 11. Qxh8 Qd7 12. Nc3 Qe6+ 13. Kf1 Ndb4 14.
Qh3 Qxh3 15. gxh3 Nxc2 16. Rb1 Nab4 17. Rg1 Kf7 18. Rg3 Rd8 19. a3 Nd3 20. Nd1
f5 21. Ne3 f4 22. Nxc2 fxg3 23. hxg3 Nxc1 24. Rxc1 Rxd2 25. Ne3 Bh6 26. f4 Bg7
27. Nc4 Rh2 28. Kg1 Rxh3 29. Kg2 Rh8 30. a4 Rd8 31. Rc2 b6 32. Kh3 Rd3 33. Nd2
Bd4 34. Ne4 Rb3 35. Ng5+ Ke8 36. Ne6 Bf6 37. Rd2 Rxb2 38. Rd8+ Kf7 39. Nc7 Ra2
40. g4 Ra3+ 41. Kg2 Rxa4 0-1

[Event "BL 0203 SC Forchheim - SK König Plauen"]
[Site "?"]
[Date "2003.03.08"]
[Round "12.6"]
[White "Zwanzger, Johannes"]
[Black "Sandner, Gunter"]
[Result "0-1"]
[WhiteElo "2268"]
[BlackElo "2323"]
[PlyCount "82"]
[EventDate "2003.??.??"]

1. e4 c5 2. Nf3 Nc6 3. Bb5 g6 4. O-O Bg7 5. Bxc6 bxc6 6. d3 d6 7. Nbd2 e5 8.
Nc4 Nh6 9. Bd2 f6 10. a3 Be6 11. b4 cxb4 12. axb4 d5 13. Na5 Qc7 14. c4 O-O 15.
cxd5 cxd5 16. Qc1 Qxc1 17. Rfxc1 dxe4 18. dxe4 Nf7 19. Rc6 Bd7 20. Rc7 Bb5 21.
Be3 a6 22. Nd2 Nd6 23. f3 Rac8 24. Rc5 Rf7 25. Rac1 Rxc5 26. bxc5 Rc7 27. Ndb3
Nc8 28. Rd1 Kf7 29. Kf2 Bf8 30. f4 Be7 31. Rd5 Ke6 32. g4 Na7 33. Nd2 Nc6 34.
Nab3 f5 35. gxf5+ gxf5 36. Kf3 Rc8 37. Nb1 Bc4 38. exf5+ Kxf5 39. Rd7 Bxb3 40.
Nd2 Bd1+ 41. Kg3 exf4+ 0-1

[Event "BL 0203 SC Forchheim - SK König Plauen"]
[Site "?"]
[Date "2003.03.08"]
[Round "12.7"]
[White "Kuraszkiewicz, Michael"]
[Black "Niedermaier, Hans"]
[Result "1-0"]
[WhiteElo "2323"]
[BlackElo "2271"]
[PlyCount "85"]
[EventDate "2003.??.??"]

1. d4 Nf6 2. c4 c6 3. Nc3 d5 4. Nf3 g6 5. Bf4 Bg7 6. e3 O-O 7. h3 Ne4 8. Be2
Nxc3 9. bxc3 Qa5 10. Qb3 dxc4 11. Bxc4 b5 12. Bd3 Be6 13. Qb2 Nd7 14. O-O Nb6
15. Rfc1 Bc4 16. Qe2 Bxd3 17. Qxd3 Nc4 18. Qe4 Rfe8 19. Qxc6 Rac8 20. Qb7 Na3
21. e4 Rxc3 22. Bd2 Rxc1+ 23. Rxc1 Qb6 24. Qd7 Qd8 25. Qxa7 Nc4 26. Bb4 Qa8 27.
Qd7 Rb8 28. e5 Qxa2 29. Bxe7 Qa8 30. e6 f6 31. Bxf6 Rb7 32. Bh4 Bh6 33. Re1 Bf8
34. Qd5 Nb6 35. Qxb5 Nc8 36. Qc4 Be7 37. Rc1 Nd6 38. Qc6 Qf8 39. Bxe7 Qxe7 40.
d5 Kg7 41. Qc3+ Kg8 42. Qe5 h6 43. Rc6 1-0

[Event "BL 0203 SC Forchheim - SK König Plauen"]
[Site "?"]
[Date "2003.03.08"]
[Round "12.8"]
[White "Bade, Joern"]
[Black "Pfretzschner, Roland"]
[Result "1-0"]
[WhiteElo "2267"]
[BlackElo "2249"]
[PlyCount "45"]
[EventDate "2003.??.??"]

1. e4 c5 2. c3 e5 3. Nf3 Nc6 4. Bc4 Be7 5. d4 cxd4 6. cxd4 Qc7 7. dxe5 Nxe5 8.
Nxe5 Qxe5 9. O-O Nf6 10. Nc3 O-O 11. Qd3 a6 12. f4 Bc5+ 13. Be3 Qc7 14. e5
Bxe3+ 15. Qxe3 Qxc4 16. exf6 Qe6 17. Qg3 Qxf6 18. Rad1 Kh8 19. f5 Qb6+ 20. Rf2
f6 21. Nd5 Qc5 22. b4 Qb5 23. Qd6 1-0